| 000 | 01622nam a2200253Ia 4500 | ||
|---|---|---|---|
| 003 | OSt | ||
| 005 | 20210831145325.0 | ||
| 008 | 210310s2002 ck ad gr 000 0 spa d | ||
| 020 | _a9586824233 | ||
| 040 |
_aCO-JMCR _cCO-JMCR |
||
| 041 | 0 | _aspa | |
| 082 | 0 | 4 |
_a338.6048 / _bM777p _223 |
| 100 | 1 |
_aMontenegro, Santiago, _eautor _927916 |
|
| 245 | 1 | 0 |
_aPropuestas para una Colombia competitiva / _cSantiago Montenegro, Roberto Steiner |
| 260 |
_aBogotá : _bUniversidad de los Andes, facultad de Economía, _c2002. |
||
| 300 |
_axxv, 356 páginas : _bilustraciones y gráficas en blanco y negro ; _c24 cm. |
||
| 500 | _aIncluye bibliografía y notas a pie de página. | ||
| 505 |
_tProyecto indicadores de competitividad. / _rFabio Sánchez, Paula Acosta. -- _tLa tecnología de la información y de las comunicaciones en Colombia. / _rSantiago Montenegro, Luis Carlos Niño. -- _t¿Cómo atraer más inversión extranjera a Colombia?. / _rRoberto Steiner, Natalia Salazar. -- _tLa gestión ambiental y sus efectos sobre la acometividad de la industria en Colombia. / _rEduardo Uribe, Guillermo Cruz, Harold Coronado. -- _tInstituciones para la competitividad. / _rSergio Montenegro, Luis Carlos Niño y Roberto Gisbert. -- _tPetróleo, vulnerabilidad de la economía colombiana y políticas de estabilización. / _rRodrigo Suescún, Santiago Montenegro y Renata Pardo. |
||
| 650 | 1 | 4 |
_aEconomía _zColombia _927918 |
| 650 | 2 | 4 |
_aGestión ambiental _vEconomía _zColombia _939830 |
| 650 | 2 | 4 |
_aInversión extranjera _vEstrategia _zColombia _939831 |
| 700 | 1 |
_aSteiner, Roberto, _eautor _97310 |
|
| 942 |
_2ddc _cBK |
||
| 999 |
_c12325 _d12325 |
||